1467 1003 1998 1752 1629 1851 1823 1942 1596 1045 1135 1160 1327 1443 1651 1311 1183 1891 1499 1893 1999 1918 1188 1524 1741 1325 1167 1124 1342 1731 1080 1110 1356 1445 1644 1983 1080 1463 1760 1053 1557 1377 1864 1218 1069 1199 1992 1413 1311 1202 1195 1597 1086 1545 1047 1346 1978 1328 1226 1046 1495 1446 1556 1835 1718 1823 1222 1188 1480 1154 1331 1131 1224 1149 1005 1747 1441 1988 1052 1864 1860 1683 1105 1390 1604 1113 1044 1244 1705 1720 1589 1211 1660 1026 1021 1483 1577 1962 1036 BCNSPRNW ULIB Ver.6.0+V

เปลี่ยนเป็นภาษาไทย

Change to English
 แสดงรายละเอียดบรรณานุกรม
  กลับหน้าหลัก

Brief Record : Get Marc (ISO 2709) : E-mail record : QR code < ปิดหน้าต่าง
LEADER : 00000nam 2200000uu 4500
001    13399121831
003     ULIB
008    121211s2551||||th 000 0 tha d
020    ^a9789748278520
060 04 ^aWP570^bพ565ก
100 0  ^aพันธ์ศักดิ์ ศุกระฤกษ์.
245 10 ^aภาวะมีบุตรยาก /^cพันธ์ศักดิ์ ศุกระฤกษ์.
250    ^aพิมพ์ครั้งที่ 6.
260    ^aกรุงเทพฯ :^bหมอชาวบ้าน,^c2551.
300    ^a151 หน้า :^bภาพประกอบ ;^c21 ซม.
650  2 ^aInfertility.
650  7 ^aการมีบุตรยาก.
945    ^p130^l0^i16187
995    ^aทศพร
999    ^aทศพร เกษรทอง
รายการนี้ยังไม่มีแท็ก
คุณยังไม่ได้ล็อกอิน คุณสามารถมีกิจกรรมร่วมกับเว็บไซต์ได้ แต่ต้องล็อกอินก่อน ::
  ล็อกอิน

รายการสื่อสารสนเทศ

ลำดับที่ ประเภท เลขเรียก/บาร์โค้ด สถานที่ สถานะ
1. วิทยาศาสตร์การแพทย์ และสุขภาพ
วิทยาศาสตร์การแพทย์ และสุขภาพ
WP570 พ565ก ฉ.1 
  Barcode: 16187
ห้องสมุดวิทยาเขตสวรรค์ประชารักษ์
►ส่วนจัดเก็บหนังสือเก่า สปร
บนชั้น
  ขอยืม

รายการใกล้เคียง
    ผู้แต่ง [พันธ์ศักดิ์ ศุกระฤกษ์.]

    หัวเรื่อง [Infertility.]
    หัวเรื่อง [การมีบุตรยาก.]

BibComment


ยังไม่เคยถูกคอมเมนท์

คอมเมนท์ทรัพยากรรายการนี้
  คอมเมนท์: ภาวะมีบุตรยาก พ..


 Copyright 2026. Bcnsprnw @Library